00609nam a2200157Ia 4500003000900000008004100009020001800050040001600068080002200084110002600106245015500132260004500287300002300332490001600355650008000371IN-BaIIA211028s9999 xx 000 0 eng d a92-9092-339-7 cIIA Library a083.8:524bESA-13 aEuropean Space Agency 0aHipparcos and Tycho cataloguesbvol. 13, Identification charts and identification tablescEuropean Space Agency  aNetherlandsbEuropean Space Agencyc1997 a[various pagings.] aESA SP-1200 aHipparcos and Tycho catalogues, Catalog-Hipparcos and Tycho, Star catalogue